| 000 | 00378nam a2200145Ia 4500 | ||
|---|---|---|---|
| 008 | 210210b1977 xxu||||| |||| 00| 0 eng d | ||
| 082 | _a344.01 BULL | ||
| 100 | _aBULCHANDANI (K R). | ||
| 245 | _aIndustrial & labour law. | ||
| 260 |
_aBombay _bJeevandeep prakashan _c1977 |
||
| 300 | _a432 | ||
| 650 | _aIndustrial law Labour law | ||
| 690 | _aSocial La | ||
| 906 | _aSG0177 | ||
| 999 |
_c112634 _d112634 |
||